| 000 | 00786nas a2200265 4500 | ||
|---|---|---|---|
| 001 | BR2013007245 | ||
| 003 | BR-BrBNA | ||
| 005 | 20231205122913.0 | ||
| 007 | ta | ||
| 008 | 230509b bl.|||p| |||| 00| 00por d | ||
| 040 |
_aBR-BrBNA _bpor _cBiblioteca Nacional de Agricultura |
||
| 041 | _a(Pt) | ||
| 072 | _aH10 | ||
| 100 | 1 | _aGalileo, M.H.M. | |
| 100 | 1 | _aMartins, U.R. | |
| 245 | 1 | _aNovos táxons e novos registros sobre Cerambycidae (Coleoptera)Neotropicais | |
| 650 | _aINSETO | ||
| 650 | _aCOLEOPTERA | ||
| 650 | _aREGISTRO | ||
| 650 | _aTAXONOMIA | ||
| 650 | _aBIOLOGIA | ||
| 773 | 0 |
_tRevista Brasileira de Entomologia (Brazil) _xISSN 0085-5626 _g(Jul-Sep 2012), v. 56(3) p. 297-303 _wBR2013007245 |
|
| 909 |
_a202311 _bLúcia _c55 _dLúcia Elande |
||
| 942 |
_2AGRIS _n0 _cANA |
||
| 999 |
_c231174 _d231174 |
||